000 00569nam a2200193 a 4500
001 000004410
005 20200929151434.0
008 090722s2007 dr c 001 0 spa d
020 _z9945408001
040 _aDO-SdBNP
_bspa
_cBNPHU
082 _a080
_bG216p
100 1 _aGarcía, Luz
_912966
245 1 0 _aPreguntas y respuestas /
_cLuz García.
260 _aSanto Domingo, :
_bArgos,
_c2007.
300 _a172 p. :
_bretrs. ;
_c22 cm.
500 _aIncluye datos biográficos
650 4 _aEntrevistas en televisión
_912967
650 4 _aPreguntas y respuestas
_912968
999 _c4219
_d4219